The world of the Tamil merchant : pioneers of International trade (Record no. 287263)

MARC details
000 -LEADER
fixed length control field 00468nam a2200157Ia 4500
005 - DATE AND TIME OF LATEST TRANSACTION
control field 20241107100848.0
008 - FIXED-LENGTH DATA ELEMENTS--GENERAL INFORMATION
fixed length control field 240126s9999 xx 000 0 und d
020 ## - INTERNATIONAL STANDARD BOOK NUMBER
International Standard Book Number 9780143424734
082 ## - DEWEY DECIMAL CLASSIFICATION NUMBER
Classification number 330.95482 MUK;1 R
100 ## - MAIN ENTRY--PERSONAL NAME
Personal name Mukund, Kanakalatha
245 #4 - TITLE STATEMENT
Title The world of the Tamil merchant : pioneers of International trade
260 ## - PUBLICATION, DISTRIBUTION, ETC. (IMPRINT)
Name of publisher, distributor, etc. Penguin Random House
Place of publication, distribution, etc. Haryana
Date of publication, distribution, etc. 2012
300 ## - PHYSICAL DESCRIPTION
Extent xliii, 191
440 ## - SERIES STATEMENT/ADDED ENTRY--TITLE
Title The stories of Indian business
942 ## - ADDED ENTRY ELEMENTS (KOHA)
Koha item type PESU Books
Holdings
Date last seen Total Checkouts Full call number Accession number Volume/Issue Number Cost, replacement price Price effective from Category Lost status Damaged status Department Withdrawn status bill no. Permanent Location Current Location Shelving location Entry date Vendor Cost, normal purchase price Grants Currency symbol Conversion rate Discount Discount type
26/01/2024   330.95482 MUK;1 R PU9759 (04/07/1905) 201.53 26/01/2024 PESU Books     MBA   90277 Central Library Central Library MBA 26/04/2019 Book Paradise 279.90 MBA RS 1 78.372 Rupees

© For any Suggestions or Query, please contact the library staff @ librarian@pes.edu or Phone: +9180 2672 1983/ 2108.